| 000 | 00720nam a2200181Ia 4500 | ||
|---|---|---|---|
| 008 | 090124s9999 xx 000 0 und d | ||
| 082 | _b12334 | ||
| 100 | _aदेवस्थऴे सुमती | ||
| 245 | _a एक विचारवंत (कार्ल मार्क्स) | ||
| 250 | _a1 | ||
| 260 |
_bविश्र्वकर्मा साहित्यालय़ _c1979 |
||
| 300 | _a184 | ||
| 600 | _aदेवस्थऴे सुमती | ||
| 630 | _a एक विचारवंत (कार्ल मार्क्स) | ||
| 700 | _aदेवस्थऴे सुमती | ||
| 730 | _a एक विचारवंत (कार्ल मार्क्स) | ||
| 942 | _cBOOK | ||
| 999 |
_c86996 _d86996 |
||